North Atlantic regional water resources study : study of visual and cultural environment, preliminary issue /

Bibliographic Details
Corporate Authors: Research Planning and Design Associates, North Atlantic Regional Water Resources Study Coordinating Committee
Format: Book
Language:English
Published: [Amherst, Mass.] : [The Associates], [1967]
Subjects:

MARC

Tag First Indicator Second Indicator Subfields
LEADER 00000cam a2200000 i 4500
001 in00000013394
005 20151007052447.0
008 770526s1967 mauab b 00010 eng d
035 |a (OCoLC)02995397 
035 |9 AAA7881AM 
040 |a ZXC  |c ZXC  |d TXA  |d UtOrBLW 
049 |a TXAM  |c [A12586182] 
050 4 |a HD1695.N7  |b R47 1967 
110 2 |a Research Planning and Design Associates. 
245 1 0 |a North Atlantic regional water resources study :  |b study of visual and cultural environment, preliminary issue /  |c prepared by Research Planning and Design Associates, Inc., Amherst, Massachusetts ; for the North Atlantic Regional Water Resources Study Coordinating Committee. 
264 1 |a [Amherst, Mass.] :  |b [The Associates],  |c [1967] 
300 |a 71, 8, 2 pages, 6 unnumbered pages :  |b illustrations, maps (some folded) ;  |c 27 cm. 
336 |a text  |b txt  |2 rdacontent 
337 |a unmediated  |b n  |2 rdamedia 
338 |a volume  |b nc  |2 rdacarrier 
500 |a Cover title. 
500 |a "November 1967." 
504 |a Bibliography: pages 1-2 (3d group). 
650 0 |a Water resources development  |z Atlantic States. 
650 0 |a Water resources development  |z Northeastern States. 
650 0 |a Environmental protection  |z Atlantic States. 
650 0 |a Environmental protection  |z Northeastern States. 
710 1 |a North Atlantic Regional Water Resources Study Coordinating Committee. 
999 |a MARS 
999 f f |s f2da473e-2601-3439-8d8d-fc868d150ce8  |i f95d7b4b-fec1-3f6d-87d5-bf1a30ce8bca  |t 0 
952 f f |p ric  |a Texas A&M University  |b Rellis Campus  |c Joint Library Facility  |d Remote Storage  |t 0  |e HD1695.N7 R47 1967  |h Library of Congress classification  |i unmediated -- volume  |m A14812586182 
998 f f |a HD1695.N7 R47 1967  |t 0  |l Remote Storage